Musette (Record no. 170041)

MARC details
000 -LEADER
campo de control de longitud fija 00876nam a2200265 i 4500
001 - NÚMERO DE CONTROL
campo de control 170041
003 - IDENTIFICADOR DE NÚMERO DE CONTROL
campo de control ES-MaACL
005 - FECHA Y HORA DE LA ÚLTIMA TRANSACCIÓN
campo de control 20250823102324.0
008 - DATOS DE LONGITUD FIJA--INFORMACIÓN GENERAL
campo de control de longitud fija 090119s1991 fr |||| | fre d
080 ## - NÚMERO DE LA CLASIFICACIÓN DECIMAL UNIVERSAL
Número de la Clasificación Decimal Universal 78(44)
245 00 - MENCIÓN DEL TÍTULO
Título Musette
Resto del título : recueil de 110 succès.
260 ## - PUBLICACIÓN, DISTRIBUCIÓN, ETC.
Lugar de publicación, distribución, etc. Paris :
Nombre del editor, distribuidor, etc. Paul Beuscher,
Fecha de publicación, distribución, etc. [1991?]
300 ## - DESCRIPCIÓN FÍSICA
Extensión 215 p. :
Otras características físicas mús. ;
Dimensiones 27 cm.
490 1# - MENCIÓN DE SERIE
Mención de serie Musette 110 succès ;
Designación de volumen o secuencia 3
500 ## - NOTA GENERAL
Nota general Contiene música impresa.
500 ## - NOTA GENERAL
Nota general Índices.
596 ## - NOTA AL PIE DE IMPRENTA
NOTA AL PIE DE IMPRENTA En cub.: Editions et Instruments.
650 #4 - PUNTO DE ACCESO ADICIONAL DE MATERIA--TÉRMINO DE MATERIA
Término de materia o nombre geográfico como elemento de entrada Música-
Subdivisión geográfica Francia.
9 (RLIN) 15390
650 04 - PUNTO DE ACCESO ADICIONAL DE MATERIA--TÉRMINO DE MATERIA
Término de materia o nombre geográfico como elemento de entrada Canciones-
Subdivisión de forma Partituras.
9 (RLIN) 10721
650 07 - PUNTO DE ACCESO ADICIONAL DE MATERIA--TÉRMINO DE MATERIA
Término de materia o nombre geográfico como elemento de entrada Música para acordeón
Fuente del encabezamiento o término embne
9 (RLIN) 15412
650 04 - PUNTO DE ACCESO ADICIONAL DE MATERIA--TÉRMINO DE MATERIA
Término de materia o nombre geográfico como elemento de entrada Canciones francesas
9 (RLIN) 10727
830 0# - PUNTO DE ACCESO ADICIONAL DE SERIE-TÍTULO UNIFORME
Título uniforme Musette 110 succès ;
Designación de volumen o secuencia 3
9 (RLIN) 222946
852 4# - LOCALIZACIÓN
Ubicación ES-MaACL
Número de control de estantería E-12391
itemnumber R.140595
Nota libre . - Biblioteca Jacinto Martínez Lacalle
Holdings
Estatus retirado Estado de pérdida Estado de daño No para préstamo Biblioteca de origen Biblioteca actual Ubicación en estantería Fecha de adquisición Fuente de adquisición Total de préstamos Signatura topográfica completa Código de barras Visto por última vez Precio de reemplazo Tipo de ítem Koha
        Biblioteca del Ateneo de Madrid Biblioteca del Ateneo de Madrid Depósito 2 19/01/2009     E-12391 1178513 23/02/2023 23/02/2023 Libro impreso